[Event "Labour Day op U2200"]
[Site "Toronto CAN"]
[Date "2009.09.06"]
[Round "4"]
[White "Itkin, David"]
[Black "Shah, Omar"]
[Result "0-1"]
[WhiteElo "1862"]
[BlackElo "2029"]
[PlyCount "92"]
[GameId "2160767910092942"]
[EventDate "2009.09.05"]
[EventType "swiss"]
[EventRounds "6"]
[EventCountry "CAN"]
[SourceTitle "hb 2019"]

1. e4 c5 2. Nf3 d6 3. d4 cxd4 4. Nxd4 Nf6 5. Nc3 a6 6. Bc4 e6 7. Be3 Nxe4 8. Nxe4 d5 9. Bxd5 Qxd5 10. Qf3 Bb4+ 11. c3 Be7 12. O-O Nd7 13. Ng3 Nf6 14. Qe2 O-O 15. Rfd1 Qa5 16. c4 Bd7 17. Bf4 Rfc8 18. Be5 Be8 19. Nb3 Qb4 20. Rac1 Ba4 21. Rc3 Rd8 22. Rdd3 Rac8 23. Rxd8+ Rxd8 24. Bc7 Rd7 25. a3 Qxc3 26. bxc3 Bxb3 27. Be5 Rd1+ 28. Nf1 Nd7 29. Bc7 Bxa3 30. g3 Rc1 31. Bf4 Rd1 32. Kg2 Ba4 33. Ne3 Bc6+ 34. Kh3 Rg1 35. Qd2 Be7 36. Bd6 Bf6 37. Bb4 h5 38. f4 g5 39. fxg5 Bxg5 40. Qf2 Rh1 41. Bd6 Nf6 42. Be5 Ne4 43. Qe2 Rg1 44. Bf4 Bf6 45. c5 e5 46. Bh6 Bd7+ 0-1

[Event "Labour Day op U2200"]
[Site "Toronto CAN"]
[Date "2009.09.07"]
[Round "5"]
[White "Armstrong, Robert J"]
[Black "Laughlin, Steve"]
[Result "0-1"]
[WhiteElo "1814"]
[BlackElo "2046"]
[PlyCount "53"]
[GameId "2160767910092943"]
[EventDate "2009.09.05"]
[EventType "swiss"]
[EventRounds "6"]
[EventCountry "CAN"]
[SourceTitle "EXT 2011"]
[Source "ChessBase"]
[SourceDate "2011.11.26"]
[SourceVersion "1"]
[SourceVersionDate "2011.11.26"]
[SourceQuality "1"]

1. d4 Nf6 2. c4 g6 3. Nc3 Bg7 4. e4 d6 5. f3 O-O 6. Be3 e5 7. d5 a5 8. Nge2 Na6 9. g4 Bxg4 10. fxg4 Nxg4 11. Qd2 Qh4+ 12. Kd1 f5 13. a3 f4 14. Bg1 f3 15. Kc2 f2 16. h3 Bh6 17. Qd3 Ne3+ 18. Kb1 fxg1=Q 19. Rxg1 Nxf1 20. Ka2 Nb4+ 21. axb4 axb4+ 22. Kb1 Nd2+ 23. Qxd2 Bxd2 24. Kc2 Rxa1 25. Rxa1 Bxc3 26. Nxc3 bxc3 27. Kxc3 0-1

[Event "Labour Day op U2200"]
[Site "Toronto CAN"]
[Date "2009.09.07"]
[Round "5"]
[White "Shah, Omar"]
[Black "Longo, Tyler"]
[Result "1/2-1/2"]
[WhiteElo "2029"]
[BlackElo "1991"]
[PlyCount "84"]
[GameId "2160767910092944"]
[EventDate "2009.09.05"]
[EventType "swiss"]
[EventRounds "6"]
[EventCountry "CAN"]
[SourceTitle "hb 2019"]

1. b3 e5 2. Bb2 Nc6 3. c4 g6 4. e3 Bg7 5. a3 Nge7 6. d3 O-O 7. Qc2 d5 8. cxd5 Nxd5 9. Nf3 Re8 10. Be2 Be6 11. O-O Qe7 12. Re1 Rad8 13. b4 a6 14. Nbd2 Bc8 15. Bf1 Qf8 16. g3 Kh8 17. Rac1 f5 18. Bg2 Ncxb4 19. axb4 Nxb4 20. Ba3 Nxc2 21. Bxf8 Nxe1 22. Bxg7+ Kxg7 23. Nxe1 Re7 24. Nc4 b6 25. f4 exf4 26. gxf4 Kf6 27. Ne5 Rd6 28. d4 Be6 29. Kf2 Bd5 30. Bf1 a5 31. Bb5 h6 32. h4 g5 33. hxg5+ hxg5 34. fxg5+ Kxg5 35. N1f3+ Bxf3 36. Kxf3 Rh7 37. Rg1+ Kf6 38. Rg6+ Ke7 39. Nc6+ Kf7 40. Ne5+ Ke7 41. Nc6+ Kf8 42. Rg5 Rf6 1/2-1/2

[Event "Labour Day op U2200"]
[Site "Toronto CAN"]
[Date "2009.09.07"]
[Round "6"]
[White "Garel, Rick"]
[Black "Itkin, David"]
[Result "1/2-1/2"]
[WhiteElo "1915"]
[BlackElo "1852"]
[PlyCount "49"]
[GameId "2160767910092945"]
[EventDate "2009.09.05"]
[EventType "swiss"]
[EventRounds "6"]
[EventCountry "CAN"]

1. e4 c5 2. Nf3 d6 3. d4 cxd4 4. Nxd4 Nf6 5. Nc3 Nc6 6. Be2 e6 7. Be3 Be7 8. O-O O-O 9. f4 a6 10. Qe1 d5 11. e5 Nd7 12. Qg3 Bc5 13. Nxc6 bxc6 14. Bxc5 Nxc5 15. b4 Nd7 16. Bd3 Qb6+ 17. Kh1 Qxb4 18. Qh4 f5 19. exf6 Nxf6 20. Rf3 e5 21. Rb1 Qd4 22. Ne2 Qa4 23. Nc3 Qd4 24. Ne2 Qa4 25. Nc3 1/2-1/2

[Event "Labour Day op U2200"]
[Site "Toronto CAN"]
[Date "2009.09.07"]
[Round "6"]
[White "Wu, Kevin"]
[Black "Armstrong, Robert J"]
[Result "1-0"]
[WhiteElo "1954"]
[BlackElo "1814"]
[PlyCount "67"]
[GameId "2160767910092946"]
[EventDate "2009.09.05"]
[EventType "swiss"]
[EventRounds "6"]
[EventCountry "CAN"]
[SourceTitle "EXT 2011"]
[Source "ChessBase"]
[SourceDate "2011.11.26"]
[SourceVersion "1"]
[SourceVersionDate "2011.11.26"]
[SourceQuality "1"]

1. e4 g6 2. d4 Bg7 3. Nc3 d6 4. Nf3 Nf6 5. Be3 O-O 6. h3 c6 7. Bd3 b5 8. a3 a5 9. Qc1 Bb7 10. Bh6 b4 11. Bxg7 Kxg7 12. axb4 axb4 13. Rxa8 Bxa8 14. Ne2 Qc7 15. h4 h5 16. Qg5 c5 17. e5 Ne4 18. Bxe4 Bxe4 19. exd6 exd6 20. Nf4 Bxf3 21. gxf3 Re8+ 22. Kd2 Kh7 23. Nd5 Qd8 24. Nf6+ Kg7 25. Nxe8+ Qxe8 26. dxc5 Qe5 27. Qxe5+ dxe5 28. Kd3 Nc6 29. Kc4 Kf6 30. Kd5 Nd4 31. c3 bxc3 32. bxc3 Nb5 33. c4 Na7 34. Re1 1-0

[Event "Lanaudiere"]
[Site "Repentigny CAN"]
[Date "2009.10.17"]
[Round "1.1"]
[White "Cote, Etienne"]
[Black "Metthe, Sylvain"]
[Result "1-0"]
[WhiteElo "1641"]
[BlackElo "1208"]
[PlyCount "33"]
[GameId "2160767910096293"]
[EventDate "2009.10.17"]
[EventType "tourn"]
[EventRounds "5"]
[EventCountry "CAN"]

1. e4 c6 2. d4 e6 3. c4 Be7 4. Nc3 Nf6 5. Nf3 h6 6. e5 Nh7 7. Bd3 Ng5 8. h4 Nxf3+ 9. Qxf3 d6 10. Bf4 dxe5 11. Bxe5 O-O 12. Qg4 f6 13. Qg6 Bb4 14. Qh7+ Kf7 15. Bg6+ Ke7 16. Qxg7+ Rf7 17. Qxf7# 1-0

[Event "Lanaudiere"]
[Site "Repentigny CAN"]
[Date "2009.10.17"]
[Round "1.2"]
[White "Boyer, Eric"]
[Black "Miron, Gilles"]
[Result "1-0"]
[WhiteElo "1621"]
[BlackElo "1276"]
[PlyCount "81"]
[GameId "2160767910096294"]
[EventDate "2009.10.17"]
[EventType "tourn"]
[EventRounds "5"]
[EventCountry "CAN"]

1. d4 f5 2. g3 Nf6 3. Bg2 g6 4. c4 Bg7 5. Nf3 d6 6. O-O c6 7. Nc3 O-O 8. b3 Re8 9. Bb2 Qc7 10. Rc1 Na6 11. Re1 Bh6 12. Rb1 Be6 13. e4 fxe4 14. Nxe4 Nxe4 15. Nh4 Ng5 16. f4 Nh3+ 17. Kf1 Qd7 18. d5 cxd5 19. Qd4 Rf8 20. Qh8+ Kf7 21. Qxh7+ Ke8 22. Qxh6 dxc4 23. Qxg6+ Kd8 24. Qxe6 Qxe6 25. Rxe6 Nxf4 26. gxf4 Rxf4+ 27. Nf3 Nc5 28. Rh6 Kc7 29. bxc4 Nd3 30. Ke2 Nc5 31. Nd2 Raf8 32. Rf1 e5 33. Rxf4 Rxf4 34. Rh7+ Kb6 35. Ke3 Rg4 36. Bf3 Rf4 37. Nb3 Rxc4 38. Nxc5 Rxc5 39. Rxb7+ Ka5 40. Rxa7+ Kb4 41. Ba3+ 1-0

[Event "Lanaudiere"]
[Site "Repentigny CAN"]
[Date "2009.10.17"]
[Round "1.3"]
[White "Soucy, Hermil"]
[Black "Morissette, Jean-Sebastien"]
[Result "0-1"]
[WhiteElo "1442"]
[BlackElo "1357"]
[PlyCount "86"]
[GameId "2160767910096295"]
[EventDate "2009.10.17"]
[EventType "tourn"]
[EventRounds "5"]
[EventCountry "CAN"]

1. d4 d5 2. Nc3 Nf6 3. Nf3 e6 4. e3 Bb4 5. Bd3 O-O 6. O-O b6 7. Ne2 Bb7 8. Ne5 Nbd7 9. f4 Bd6 10. Ng3 c5 11. c3 g6 12. Re1 h5 13. Nf3 Ne4 14. Bxe4 dxe4 15. Ng5 Nf6 16. Qc2 Qc7 17. N3xe4 Nxe4 18. Nxe4 Bxe4 19. Qxe4 cxd4 20. cxd4 Bb4 21. Re2 Rac8 22. a3 Bd6 23. b4 Qc4 24. Qf3 Rc7 25. Bb2 Qd3 26. Rf2 Rfc8 27. Rd1 Qb3 28. h3 Rc2 29. Ba1 Qxa3 30. Rxc2 Rxc2 31. Qa8+ Kh7 32. Qf3 Bxb4 33. Qe4 Re2 34. Qd3 Rxe3 35. Qxa3 Rxa3 36. d5 exd5 37. Be5 Bc5+ 38. Kh2 d4 39. Rf1 f5 40. Rf2 d3 41. Rd2 Bb4 42. Rd1 Bc3 43. Rxd3 Bb4 0-1

[Event "Lanaudiere"]
[Site "Repentigny CAN"]
[Date "2009.10.17"]
[Round "2.1"]
[White "Metthe, Sylvain"]
[Black "Morissette, Jean-Sebastien"]
[Result "0-1"]
[WhiteElo "1208"]
[BlackElo "1357"]
[PlyCount "100"]
[GameId "2160767910096296"]
[EventDate "2009.10.17"]
[EventType "tourn"]
[EventRounds "5"]
[EventCountry "CAN"]

1. e4 c6 2. d4 d5 3. e5 Bf5 4. Nc3 e6 5. Be2 Nd7 6. Nf3 Bb4 7. Bd2 Qc7 8. O-O Ne7 9. Ng5 h6 10. Nf3 O-O-O 11. a3 Bxc3 12. Bxc3 Kb8 13. Qd2 c5 14. Rac1 Bh7 15. Qf4 Rhf8 16. Qe3 Nf5 17. Qd2 cxd4 18. Nxd4 Nxe5 19. Nxf5 Bxf5 20. Ba5 b6 21. Bb4 Rfe8 22. Bb5 Rg8 23. a4 Nc4 24. Qc3 a5 25. Ba3 Nxa3 26. Qxc7+ Kxc7 27. bxa3 Kb7 28. f3 e5 29. Rfd1 d4 30. Kf2 Bd7 31. Rd3 Bxb5 32. axb5 f5 33. g3 e4 34. fxe4 fxe4 35. Rdd1 Rgf8+ 36. Kg2 e3 37. Rf1 Rxf1 38. Kxf1 Rf8+ 39. Ke2 Rf2+ 40. Kd3 e2 41. Re1 Rxh2 42. Rxe2 Rxe2 43. Kxe2 Kc7 44. Kd3 Kd6 45. Kxd4 g5 46. a4 h5 47. c4 h4 48. c5+ bxc5+ 49. Ke3 hxg3 50. Kf3 c4 0-1

[Event "Lanaudiere"]
[Site "Repentigny CAN"]
[Date "2009.10.17"]
[Round "2.2"]
[White "Miron, Gilles"]
[Black "Soucy, Hermil"]
[Result "1-0"]
[WhiteElo "1276"]
[BlackElo "1422"]
[PlyCount "85"]
[GameId "2160767910096297"]
[EventDate "2009.10.17"]
[EventType "tourn"]
[EventRounds "5"]
[EventCountry "CAN"]

1. e4 Nc6 2. Bc4 e5 3. Nf3 d6 4. c3 Be6 5. Bxe6 fxe6 6. O-O Be7 7. Qb3 Qc8 8. d3 Nf6 9. Nbd2 Na5 10. Qa4+ Nc6 11. Nc4 O-O 12. Bd2 a6 13. Qb3 h6 14. Ne3 Kh8 15. Rac1 Qd7 16. Nh4 Nxe4 17. Ng6+ Kh7 18. Nxf8+ Rxf8 19. dxe4 Bg5 20. Qc2 Qf7 21. Nd1 Bh4 22. f4 Ne7 23. f5 Qh5 24. Ne3 Bg5 25. fxe6 Rf4 26. Nf5 Rg4 27. Nxe7 Bxe7 28. Rf5 Qg6 29. Be3 Qxe6 30. Rcf1 Qg6 31. R1f2 Bh4 32. Re2 c6 33. Qd3 d5 34. exd5 e4 35. Qd4 Qxf5 36. d6 Qf3 37. Qd2 Rg6 38. d7 Qf8 39. Bb6 Rd6 40. Qc2 Rd3 41. Rxe4 Qf5 42. Rxh4 Qxd7 43. Rd4 1-0

[Event "Lanaudiere"]
[Site "Repentigny CAN"]
[Date "2009.10.17"]
[Round "2.3"]
[White "Cote, Etienne"]
[Black "Boyer, Eric"]
[Result "1-0"]
[WhiteElo "1641"]
[BlackElo "1621"]
[PlyCount "55"]
[GameId "2160767910096298"]
[EventDate "2009.10.17"]
[EventType "tourn"]
[EventRounds "5"]
[EventCountry "CAN"]

1. c4 e5 2. Nc3 Nc6 3. Nf3 f5 4. d4 exd4 5. Nxd4 Nxd4 6. Qxd4 Qf6 7. Qf4 Bd6 8. Qf3 Ne7 9. g3 Nc6 10. Qe3+ Qe5 11. Bg2 Qxe3 12. Bxe3 O-O 13. O-O Ne5 14. c5 Be7 15. Nd5 Bd8 16. Bf4 Re8 17. h4 h6 18. h5 c6 19. Ne3 Bf6 20. Rad1 Ng4 21. Nxf5 Bxb2 22. Nd6 Rxe2 23. Rde1 Rxf2 24. Re8+ Kh7 25. Be4+ g6 26. Bxg6+ Kg7 27. Rxf2 Bd4 28. Nf5+ 1-0

[Event "Lanaudiere"]
[Site "Repentigny CAN"]
[Date "2009.10.17"]
[Round "3.1"]
[White "Boyer, Eric"]
[Black "Metthe, Sylvain"]
[Result "1-0"]
[WhiteElo "1621"]
[BlackElo "1208"]
[PlyCount "63"]
[GameId "2160767910096299"]
[EventDate "2009.10.17"]
[EventType "tourn"]
[EventRounds "5"]
[EventCountry "CAN"]

1. d4 c6 2. c4 d6 3. e4 Nd7 4. Nc3 Ngf6 5. Nf3 g6 6. h3 Bg7 7. e5 dxe5 8. dxe5 Ng8 9. Bf4 e6 10. Ne4 Bf8 11. Nd6+ Bxd6 12. exd6 h6 13. b4 b6 14. Qd4 f6 15. Bg3 Bb7 16. c5 b5 17. Bd3 Nf8 18. a4 Rh7 19. axb5 cxb5 20. Bxb5+ Nd7 21. c6 Bxc6 22. Bxc6 Rc8 23. b5 Kf8 24. Rxa7 e5 25. Qd3 Rg7 26. O-O Nc5 27. Qc4 Rxa7 28. Qxc5 Rd7 29. Qb4 Rxd6 30. Rd1 Ke7 31. Nxe5 fxe5 32. Bxe5 1-0

[Event "Lanaudiere"]
[Site "Repentigny CAN"]
[Date "2009.10.17"]
[Round "3.2"]
[White "Soucy, Hermil"]
[Black "Cote, Etienne"]
[Result "0-1"]
[WhiteElo "1422"]
[BlackElo "1641"]
[PlyCount "74"]
[GameId "2160767910096300"]
[EventDate "2009.10.17"]
[EventType "tourn"]
[EventRounds "5"]
[EventCountry "CAN"]

1. Nf3 Nc6 2. d4 d5 3. e3 Nf6 4. Bb5 e6 5. Ne5 Bd7 6. Bxc6 Bxc6 7. Nxc6 bxc6 8. Nc3 c5 9. O-O cxd4 10. exd4 Be7 11. Bf4 a6 12. f3 O-O 13. Ne2 Nh5 14. Bd2 Bd6 15. f4 c5 16. c3 Rb8 17. Rb1 Nf6 18. Ng3 cxd4 19. cxd4 Qb6 20. Bc3 Qb5 21. Kh1 Rfc8 22. Qd2 h6 23. Qe3 h5 24. h4 Ng4 25. Qf3 g6 26. Ne2 Be7 27. Be1 Rc2 28. Nc3 Qc4 29. Bg3 Rbxb2 30. Rxb2 Rxb2 31. Nd1 Rxa2 32. Re1 Bb4 33. Ne3 Qd3 34. Nxg4 Qxf3 35. Nf6+ Kg7 36. gxf3 Bxe1 37. Nxh5+ gxh5 0-1

[Event "Lanaudiere"]
[Site "Repentigny CAN"]
[Date "2009.10.17"]
[Round "4.1"]
[White "Metthe, Sylvain"]
[Black "Miron, Gilles"]
[Result "0-1"]
[WhiteElo "1208"]
[BlackElo "1276"]
[PlyCount "78"]
[GameId "2160767910096302"]
[EventDate "2009.10.17"]
[EventType "tourn"]
[EventRounds "5"]
[EventCountry "CAN"]

1. e4 e6 2. d4 d5 3. e5 c5 4. dxc5 Bxc5 5. Nf3 Qb6 6. Qe2 Bd7 7. Nc3 a6 8. g3 Ne7 9. b3 d4 10. Ne4 Bb4+ 11. Bd2 O-O 12. c3 dxc3 13. Bxc3 Bb5 14. Qc2 Bxc3+ 15. Qxc3 Bxf1 16. Kxf1 Nd5 17. Qd4 Qb5+ 18. Kg2 Nc6 19. Qc5 Qd3 20. Rhe1 Ncb4 21. Qd4 Qb5 22. Nd6 Qd7 23. Rec1 Nc6 24. Qe4 f6 25. Nc4 f5 26. Qd3 Nf4+ 27. gxf4 Qxd3 28. Nd6 Nd4 29. Nxd4 Qxd4 30. Rd1 Qxf4 31. Re1 Qg4+ 32. Kh1 f4 33. Nxb7 Qf3+ 34. Kg1 Qxb7 35. Rad1 Rf5 36. Rd6 Rg5+ 37. Kf1 Qb5+ 38. Re2 f3 39. Rdd2 fxe2+ 0-1

[Event "Lanaudiere"]
[Site "Repentigny CAN"]
[Date "2009.10.17"]
[Round "4.2"]
[White "Cote, Etienne"]
[Black "Morissette, Jean-Sebastien"]
[Result "1/2-1/2"]
[WhiteElo "1641"]
[BlackElo "1357"]
[PlyCount "57"]
[GameId "2160767910096303"]
[EventDate "2009.10.17"]
[EventType "tourn"]
[EventRounds "5"]
[EventCountry "CAN"]

1. e4 c6 2. d4 d5 3. exd5 cxd5 4. Bd3 Nc6 5. c3 Nf6 6. Bf4 Bg4 7. Nf3 e6 8. Nbd2 Bxf3 9. Nxf3 Bd6 10. Bg3 O-O 11. Qc2 Rc8 12. O-O Nb4 13. Qe2 Nxd3 14. Qxd3 Qc7 15. Be5 Bxe5 16. Nxe5 Ne4 17. f3 Nd6 18. Rac1 Qa5 19. a3 f6 20. Nd7 Rfd8 21. Nc5 Re8 22. b4 Qb5 23. Qxb5 Nxb5 24. a4 Nd6 25. Rfe1 Kf7 26. Re3 b6 27. Nb3 Nc4 28. Re2 e5 29. Kf2 1/2-1/2

[Event "Lanaudiere"]
[Site "Repentigny CAN"]
[Date "2009.10.17"]
[Round "4.3"]
[White "Boyer, Eric"]
[Black "Soucy, Hermil"]
[Result "1-0"]
[WhiteElo "1621"]
[BlackElo "1422"]
[PlyCount "32"]
[GameId "2160767910096304"]
[EventDate "2009.10.17"]
[EventType "tourn"]
[EventRounds "5"]
[EventCountry "CAN"]

1. d4 d5 2. c4 dxc4 3. Nc3 e6 4. e4 Bb4 5. Bxc4 Nc6 6. Nge2 Nf6 7. f3 e5 8. d5 Na5 9. Qa4+ Bd7 10. Qxb4 Nxc4 11. Qxc4 a6 12. O-O O-O 13. a4 h6 14. Be3 b6 15. b4 Nh7 16. f4 Bg4 1-0

[Event "Lanaudiere"]
[Site "Repentigny CAN"]
[Date "2009.10.17"]
[Round "5.1"]
[White "Soucy, Hermil"]
[Black "Metthe, Sylvain"]
[Result "1-0"]
[WhiteElo "1422"]
[BlackElo "1208"]
[PlyCount "55"]
[GameId "2160767910096305"]
[EventDate "2009.10.17"]
[EventType "tourn"]
[EventRounds "5"]
[EventCountry "CAN"]

1. Nc3 e6 2. d4 d5 3. Nf3 Nd7 4. a3 c5 5. Bf4 cxd4 6. Qxd4 h6 7. e3 Qb6 8. b4 Ngf6 9. Qd2 Bd6 10. Bxd6 Qxd6 11. Bd3 b6 12. O-O Bb7 13. Nd4 O-O 14. Ncb5 Qb8 15. f4 e5 16. fxe5 Nxe5 17. Nf5 a6 18. Nbd6 Nxd3 19. cxd3 Qc7 20. Nxh6+ Kh7 21. Nhf5 Bc8 22. Rac1 Qd7 23. Qf2 Ng4 24. Qh4+ Nh6 25. Nxh6 gxh6 26. Rf6 Kh8 27. Qxh6+ Kg8 28. Qg5+ 1-0

[Event "Lanaudiere"]
[Site "Repentigny CAN"]
[Date "2009.10.17"]
[Round "5.3"]
[White "Miron, Gilles"]
[Black "Cote, Etienne"]
[Result "0-1"]
[WhiteElo "1276"]
[BlackElo "1641"]
[PlyCount "58"]
[GameId "2160767910096307"]
[EventDate "2009.10.17"]
[EventType "tourn"]
[EventRounds "5"]
[EventCountry "CAN"]

1. e4 e5 2. d4 exd4 3. Nf3 Nc6 4. Bc4 Nf6 5. O-O Bc5 6. e5 d5 7. exf6 dxc4 8. Re1+ Be6 9. Ng5 Qd5 10. Nc3 Qf5 11. Nce4 Bb4 12. Re2 gxf6 13. Nxe6 fxe6 14. Ng3 Qd5 15. Ne4 Be7 16. Bf4 Rg8 17. Bg3 f5 18. Nc3 dxc3 19. Qxd5 exd5 20. bxc3 O-O-O 21. Rb1 Bd6 22. Bh4 Rde8 23. Rbe1 Kd7 24. h3 Rxe2 25. Rxe2 Re8 26. Kf1 Rxe2 27. Kxe2 f4 28. Kf3 d4 29. Ke4 dxc3 0-1

[Event "Lethbridge op"]
[Site "Lethbridge CAN"]
[Date "2009.04.04"]
[Round "1"]
[White "Hughey, Micah"]
[Black "Fitzgerald, Jerry"]
[Result "1-0"]
[Annotator ",Tony"]
[WhiteElo "2179"]
[BlackElo "1631"]
[PlyCount "59"]
[GameId "2160767910222963"]
[EventDate "2009.04.04"]
[EventType "swiss"]
[EventRounds "5"]
[EventCountry "CAN"]

1. e4 e6 2. c4 Ne7 3. d4 Ng6 4. Nc3 Be7 5. f4 O-O 6. Nf3 f5 7. e5 b6 8. Be2 Bb7 9. O-O a6 10. a3 d6 11. b4 dxe5 12. fxe5 Nh4 13. d5 a5 14. b5 Bc5+ 15. Kh1 Nxf3 16. Bxf3 exd5 17. cxd5 Nd7 18. Re1 Bf2 19. Re2 Qh4 20. Qa4 f4 21. Ne4 Nc5 22. Nxc5 bxc5 23. Bb2 Bg3 24. h3 Bc8 25. e6 Bb7 26. Qc4 Bf2 27. e7 Rfe8 28. d6+ Kh8 29. Bxb7 cxd6 30. Qf7 1-0

[Event "Lethbridge op"]
[Site "Lethbridge CAN"]
[Date "2009.04.04"]
[Round "1"]
[White "Ilnytsky, Slava"]
[Black "Fox, Thomas"]
[Result "0-1"]
[WhiteElo "1295"]
[BlackElo "1664"]
[PlyCount "57"]
[GameId "2160767910222964"]
[EventDate "2009.04.04"]
[EventType "swiss"]
[EventRounds "5"]
[EventCountry "CAN"]
[SourceTitle "EXT 2011"]
[Source "ChessBase"]
[SourceDate "2011.11.26"]
[SourceVersion "1"]
[SourceVersionDate "2011.11.26"]
[SourceQuality "1"]

1. e4 e6 2. d4 Nf6 3. Nc3 Bb4 4. Bd3 b6 5. Nf3 Bb7 6. e5 Nd5 7. Bd2 Nxc3 8. bxc3 Be7 9. O-O d6 10. exd6 Qxd6 11. Re1 Nd7 12. c4 O-O 13. c3 c5 14. Qc2 Nf6 15. Ng5 h6 16. Ne4 Qc7 17. a4 Rac8 18. Re3 Bxe4 19. Bxe4 cxd4 20. Rg3 Bd6 21. Rh3 Bf4 22. Bxf4 Qxf4 23. Re1 Rxc4 24. Qd3 Rxc3 25. Qxd4 Rc1 26. Rhe3 Rxe1+ 27. Rxe1 Nxe4 28. Qxe4 Qxe4 29. Rxe4 0-1

[Event "Lethbridge op"]
[Site "Lethbridge CAN"]
[Date "2009.04.04"]
[Round "1"]
[White "Kuczaj, Chris"]
[Black "Marshall, Jim"]
[Result "1/2-1/2"]
[WhiteElo "1997"]
[BlackElo "1620"]
[PlyCount "60"]
[GameId "2160767910222965"]
[EventDate "2009.04.04"]
[EventType "swiss"]
[EventRounds "5"]
[EventCountry "CAN"]
[SourceTitle "EXT 2011"]
[Source "ChessBase"]
[SourceDate "2011.11.26"]
[SourceVersion "1"]
[SourceVersionDate "2011.11.26"]
[SourceQuality "1"]

1. d4 Nf6 2. c4 g6 3. Nc3 d5 4. Nf3 Bg7 5. Qb3 dxc4 6. Qxc4 Nbd7 7. e4 Nb6 8. Qb3 O-O 9. Be2 Bg4 10. Be3 c6 11. Qc2 Qc7 12. a4 Bxf3 13. gxf3 e5 14. dxe5 Qxe5 15. f4 Qc7 16. a5 Nbd7 17. e5 Nxe5 18. fxe5 Qxe5 19. O-O Nd5 20. Nxd5 Qxd5 21. Qc4 Qe5 22. Rfd1 Rad8 23. Rxd8 Rxd8 24. Rd1 Qxa5 25. Rxd8+ Qxd8 26. b3 Qa5 27. Qf4 Be5 28. Qh4 Qe1+ 29. Bf1 Qd1 30. b4 b6 1/2-1/2

[Event "Lethbridge op"]
[Site "Lethbridge CAN"]
[Date "2009.04.04"]
[Round "1"]
[White "Szulski, Adam"]
[Black "Berndtsson, Kurt"]
[Result "1-0"]
[WhiteElo "1755"]
[BlackElo "1301"]
[PlyCount "97"]
[GameId "2160767910222966"]
[EventDate "2009.04.04"]
[EventType "swiss"]
[EventRounds "5"]
[EventCountry "CAN"]
[SourceTitle "EXT 2011"]
[Source "ChessBase"]
[SourceDate "2011.11.26"]
[SourceVersion "1"]
[SourceVersionDate "2011.11.26"]
[SourceQuality "1"]

1. e4 g6 2. d4 d6 3. Nf3 Bg7 4. Nc3 Nf6 5. Bc4 O-O 6. O-O b6 7. e5 Ne8 8. Bf4 c6 9. Re1 d5 10. Bd3 Ba6 11. e6 Bxd3 12. Qxd3 Nd6 13. exf7+ Rxf7 14. Be5 Nd7 15. Bxg7 Rxg7 16. Ng5 Nf8 17. Re2 h6 18. Ne6 Nxe6 19. Rxe6 Kh7 20. Rae1 Qd7 21. h4 Ne4 22. Nxe4 dxe4 23. Qxe4 Qd5 24. Qxd5 cxd5 25. Rxe7 h5 26. Rxg7+ Kxg7 27. Re5 Rd8 28. f4 Kf6 29. Kf2 Rc8 30. c3 Rc6 31. Rxd5 Ke6 32. Re5+ Kd7 33. Ke3 Re6 34. d5 Re8 35. Rxe8 Kxe8 36. Ke4 Ke7 37. a4 Kd6 38. b4 Kc7 39. Ke5 a5 40. bxa5 bxa5 41. d6+ Kd7 42. c4 Kd8 43. Ke6 g5 44. fxg5 Ke8 45. d7+ Kd8 46. c5 Kc7 47. Ke7 Kb7 48. d8=Q Ka6 49. Qb6# 1-0

[Event "Lethbridge op"]
[Site "Lethbridge CAN"]
[Date "2009.04.04"]
[Round "1"]
[White "Taylor, Bill"]
[Black "Scholz, Mike"]
[Result "1-0"]
[WhiteElo "1924"]
[BlackElo "1478"]
[PlyCount "69"]
[GameId "2160767910222967"]
[EventDate "2009.04.04"]
[EventType "swiss"]
[EventRounds "5"]
[EventCountry "CAN"]
[SourceTitle "EXT 2011"]
[Source "ChessBase"]
[SourceDate "2011.11.26"]
[SourceVersion "1"]
[SourceVersionDate "2011.11.26"]
[SourceQuality "1"]

1. f4 e6 2. Nf3 Nc6 3. e3 a6 4. b3 Qf6 5. Nc3 Bc5 6. Bb2 Qg6 7. g3 Nge7 8. Bg2 O-O 9. Nh4 Qh6 10. O-O d5 11. a3 Bd6 12. Ne2 Ng6 13. Nf3 e5 14. fxe5 Ncxe5 15. Nxe5 Nxe5 16. Bxe5 Bxe5 17. Rb1 Bh3 18. Bxh3 Qxh3 19. Nf4 Bxf4 20. Rxf4 Qe6 21. Qf3 c6 22. Rf1 Ra7 23. e4 d4 24. d3 b5 25. Qh5 Qd6 26. Rh4 h6 27. b4 Re7 28. Rf5 Qg6 29. Qf3 Rfe8 30. Rg4 Qd6 31. Rf6 Re6 32. Rxf7 Rf6 33. Rgxg7+ Kh8 34. Rh7+ Kg8 35. Rfg7+ 1-0

[Event "Lethbridge op"]
[Site "Lethbridge CAN"]
[Date "2009.04.04"]
[Round "1"]
[White "Viau, Ferni"]
[Black "Cletheroe, Kelvin"]
[Result "0-1"]
[WhiteElo "1410"]
[BlackElo "1902"]
[PlyCount "89"]
[GameId "2160767910222969"]
[EventDate "2009.04.04"]
[EventType "swiss"]
[EventRounds "5"]
[EventCountry "CAN"]
[SourceTitle "EXT 2011"]
[Source "ChessBase"]
[SourceDate "2011.11.26"]
[SourceVersion "1"]
[SourceVersionDate "2011.11.26"]
[SourceQuality "1"]

1. e4 g6 2. Nf3 Bg7 3. Bc4 e6 4. c3 Ne7 5. Bb3 O-O 6. O-O Nbc6 7. d3 Kh8 8. Be3 d6 9. Nbd2 f5 10. Bg5 h6 11. Bxe7 Nxe7 12. Nd4 d5 13. f3 c5 14. Ne2 Nc6 15. exd5 exd5 16. Nf4 d4 17. Nxg6+ Kh7 18. Nxf8+ Bxf8 19. f4 dxc3 20. bxc3 Qf6 21. Qh5 Be6 22. Nf3 Bxb3 23. axb3 Bd6 24. Nd2 Rg8 25. Nc4 Bb8 26. Rae1 Ne7 27. Ne5 Bxe5 28. fxe5 Qe6 29. Rf2 Rg5 30. Qf3 Nc6 31. Rfe2 Rg7 32. Qf2 b6 33. Rf1 Rf7 34. Rfe1 Rd7 35. Qf3 Ne7 36. Re3 Nd5 37. R3e2 Nxc3 38. Rf2 Rf7 39. Qh5 Nb5 40. Ref1 Nd4 41. Kh1 Rg7 42. Qh3 Qxe5 43. Rf4 Rg6 44. Qh4 Qe2 45. Re1 0-1

[Event "Lethbridge op"]
[Site "Lethbridge CAN"]
[Date "2009.04.04"]
[Round "1"]
[White "Viminitz, Paul"]
[Black "Sequillion, Aaron"]
[Result "0-1"]
[WhiteElo "1600"]
[BlackElo "1952"]
[PlyCount "62"]
[GameId "2160767910222970"]
[EventDate "2009.04.04"]
[EventType "swiss"]
[EventRounds "5"]
[EventCountry "CAN"]
[SourceTitle "EXT 2011"]
[Source "ChessBase"]
[SourceDate "2011.11.26"]
[SourceVersion "1"]
[SourceVersionDate "2011.11.26"]
[SourceQuality "1"]

1. Nf3 d5 2. g3 c5 3. Bg2 Nc6 4. b3 e5 5. d3 f6 6. O-O Be6 7. Nbd2 Qd7 8. Bb2 Bd6 9. c4 d4 10. a3 Nge7 11. Ne4 h6 12. Qc2 f5 13. Nxd6+ Qxd6 14. Nd2 O-O 15. Bxc6 Nxc6 16. f3 Rf7 17. Rf2 Rd8 18. Rd1 Bc8 19. Bc1 b6 20. Nf1 Bb7 21. f4 Re8 22. e4 dxe3 23. Bxe3 Nd4 24. Bxd4 Qc6 25. Rg2 exd4 26. Rdd2 Rfe7 27. Rdf2 Re1 28. h4 Qg6 29. Re2 R8xe2 30. Rxe2 Qxg3+ 31. Rg2 Bxg2 0-1